00260 a2200109 4500001000700000020000600007040001100013100000600024240005800030245005300088362000900141162927 a  cMagnum a-10aRevista de educacao aec/para onde vai a escola ?lpor10aRevista de educacao aec/para onde vai a escola ?0 a1899